书目信息 |
| 题名: |
英汉微生物名词
|
|
| 作者: | ||
| 分册: | ||
| 出版信息: | 北京 科学出版社 1959.04 |
|
| 页数: | 92页 | |
| 开本: | 19cm | |
| 丛书名: | ||
| 单 册: | ||
| 中图分类: | Q93-61 | |
| 科图分类: | ||
| 主题词: | 微生物学 | |
| 电子资源: | ||
| ISBN: | ||
| 000 | 00478nam0 2200193 450 | |
| 001 | 0635772859 | |
| 005 | 20061124095757.48 | |
| 010 | @dCNY0.44 | |
| 091 | @a17031.27 | |
| 100 | @a20061124d1959 km y0chiy0120 ea | |
| 101 | 0 | @achi |
| 102 | @aCN@b110000 | |
| 200 | 1 | @a英汉微生物名词@Aying han wei sheng wu ming ci |
| 210 | @a北京@c科学出版社@d1959.04 | |
| 215 | @a92页@d19cm | |
| 606 | 0 | @a微生物学 |
| 690 | @aQ93-61@v3 | |
| 801 | 0 | @aCN@bPFT@c20061124 |
| 905 | @a10447@dQ93-61@e16 | |
| 英汉微生物名词.-北京:科学出版社,1959.04 |
| 92页;19cm |
| ISBN :CNY0.44 |
| ● |
| 相关链接 |
|
|
|
|
正题名:英汉微生物名词
索取号:Q93-61/16
 
预约/预借
| 序号 | 登录号 | 条形码 | 馆藏地/架位号 | 状态 | 备注 |
| 1 | 0218089 | 000703723 | 第二样本阅览室/ [索取号:Q93-61/16] | 在馆 |